Проблематика развоjа футура и његове граматикализациjе у словенским jезицима (Запис номер 162527)
[ съкратено ]
| 000 -Лидер | |
|---|---|
| Контролно поле с фиксирана дължина | 02510nam a2200409 c 4500 |
| 003 - Код на организацията, давaща контролен номер | |
| Контролно поле | BLK |
| 005 - Дата и час на последна редакция | |
| Контролно поле | 20220401085619.0 |
| 008 - Елементи от данни с фиксирана дължина | |
| fixed length control field | 180410b bul|||||r ||||||| ||bul|| |
| 010 ## - Наследен системен номер | |
| LC control number | KNG00169905000 |
| 020 ## - Международен стандартен номер на книга ISBN | |
| Международен стандартен номер на книга ISBN | 978-954-8190-98-5 |
| -- | издат.: Лени-Ан |
| 040 ## - Източник на каталожния запис | |
| Идентификатор на билиотеката - собственик на записа | BLK |
| 041 ## - Код за език | |
| Код за езика на текст/звукозапис или на отделно заглавие | Сръбски |
| Код за езика КДБФ | Други славянски езици |
| 072 #7 - Код за тематичната категория | |
| Код организация | bullib |
| Код за тематична категория | Н80 |
| Текст | Езикознание Н |
| 080 ## - УДК | |
| Текстов определител УДК | Славянски езици |
| УДК код - определител по УДК | 811.16 |
| УДК определител | -5 |
| УДК - код + определител | 811.16-5 |
| 100 1# - Редна дума - Автор | |
| Автор | Воjводић, Доjчил Петровић |
| Авторска отговорност | първи автор |
| R(LIN) | 48913 |
| 139 ## - Редно поле | |
| Редна дума | Воjводић, Доjчил Петровић |
| Авторски знак | Во - В 74 |
| 245 10 - Сведения за заглавието | |
| Заглавие | Проблематика развоjа футура и његове граматикализациjе у словенским jезицима |
| Подзаглавни данни | С посебним освртом на ситуациjу у српском, руском и пољском |
| Редно поле (дума) | * Дойчил Петрович Войводич; Доjчил Петровић Воjводић; ред. Руси Димитров Русев. |
| 246 11 - Различни форми на заглавието | |
| Паралелно заглавие | Проблематика развития будущего времени (футурума) и его грамматикализации в славянских языках |
| 257 ## - Страна на издаване | |
| Страна на създаване/издаване | България |
| 260 ## - Област на издателските данни | |
| -- | Русе |
| Име на издателя, разпространителя и проч. | Лени-Ан |
| Година на издаване | 2012 |
| 300 ## - Физическа характеристика | |
| Страници | 198 с. |
| Размери/Мащаб | 23 см |
| 380 ## - Жанр | |
| Жанр | Езикознание. Филология |
| 500 ## - Общи забележки | |
| Забележка | Загл. на бълг. ез.: Проблеми на развоя на бъдеще време (футурум) и неговата граматикализация в славянските езици. - Изд. на Русенски унив. "Ангел Кънчев". Фак. "Природни науки и образование". Кат. по бълг. ез., литература и изкуство. - Библиогр.: с. 129-156. - Рез. на англ., рус. ез. - Предметен показалец ; Именен показалец. |
| 650 #4 - Допълнително описание по предмет – тема | |
| Основно описание – тема или топоним | Славянски езици - граматика |
| 9 (RLIN) | 268565 |
| 653 ## - Ключова дума – ненормативна | |
| Ключова дума | сръбски език |
| 653 ## - Ключова дума – ненормативна | |
| Ключова дума | руски език |
| 653 ## - Ключова дума – ненормативна | |
| Ключова дума | полски език |
| 653 ## - Ключова дума – ненормативна | |
| Ключова дума | граматика |
| 659 ## - Тематичен бюлетин | |
| Тематичен бюлетин | Н |
| 700 1# - Други автори (авторска отговорност) | |
| Лично име | Войводич, Дойчил Петрович |
| Автороска отговорност (Описва отношението между автора и произведението) | * |
| 9 (RLIN) | 49027 |
| 700 1# - Други автори (авторска отговорност) | |
| Лично име | Русев, Руси Димитров |
| Звания и думи, свързани с автора | филолог ; преподавател в РУ А. Кънчев - Русе |
| 9 (RLIN) | 366768 |
| 852 ## - Местоположение | |
| Форматна сигнатура | Цб 272341 |
| 856 4# - Електронен адрес и достъп | |
| Електронен формат | pdf - файл |
| Път до файла /url/ | |
| 856 4# - Електронен адрес и достъп | |
| Електронен формат | pdf - файл |
| Път до файла /url/ | |
| 942 ## - АРТИКУЛИ | |
| Вид на библиотечния материал | Книги |
| Скрит в OPAC | Не |
| 944 ## - СЪЗДАВАНЕ И РЕДАКЦИЯ на ЗАПИСА | |
| Създаване/Редакция | Създаване |
| Дата на регистрацията/редакция | 21.01.2015 |
| Служител, извършил регистрацията/редакцията | Виолета_Тройчева |
| 944 ## - СЪЗДАВАНЕ И РЕДАКЦИЯ на ЗАПИСА | |
| Създаване/Редакция | Редакция |
| Дата на регистрацията/редакция | 16.06.2015 |
| Служител, извършил регистрацията/редакцията | Геновева_Генчева |
| 999 ## - СИСТЕМНИ КОНТРОЛНИ НОМЕРА | |
| Koha biblionumber | 162527 |
| Koha biblioitemnumber | 162527 |
| Код за отписване | Код за изгубен артикул | Код за повреда | Коз за рестрикции | Код за отдаване | Артикулен № | Име на библиотеката - собственик | Име на библиотеката, в която се намира в момента | Статус (Текущо местоположение) | Дата на вписване в системата | Местоположение - отдел | Цена в лева | Инвентарен номер | Систематично азбучна сигнатура | Баркод | Номер на екземпляра | Цена в евро | Служебна бележка | Служебен тип на артикула |
|---|---|---|---|---|---|---|---|---|---|---|---|---|---|---|---|---|---|---|
| Не е изгубен | Не е повреден | без рестрикции | ползва се в читалня | 271300 | Регионална библиотека "Любен Каравелов" Русе | Регионална библиотека "Любен Каравелов" Русе | Хранилище | 2015-01-24 | Хранилище | 9.00 | 120000784553 | Цб 272341 | 120000784553 | 1 | 4.60 | Дост: Dp Вид: Д N: 19 Дата: 11.04.2014 | Книги |